A history of Greece to the death of Alexander the Great

Saved in:
Bibliografiske detaljer
Hovedforfatter: Bury, John B (Author)
Format: Bog
Sprog:engelsk
Udgivet: Londres Macmillan and Co 1951
Udgivelse:3a. ed
Fag:
Tags: Tilføj Tag
Ingen Tags, Vær først til at tagge denne postø!

MARC

LEADER 00000nam a2200000 a 4500
001 UCP9483
003 CL-VaPUC
008 000324e19510000UK |||||||||||||||||eng|d
082 0 4 |a 938  |b BUR  |2 21 
100 |a Bury, John B  |e author  |9 581651 
245 1 2 |a A history of Greece to the death of Alexander the Great 
250 |a 3a. ed 
300 |a 925 p 
942 |c BK 
945 |d 20000324 00:00:00  |a rherrera 
260 |a Londres  |b Macmillan and Co  |c 1951 
650 0 |a Historia antigua  |9 267521 
650 7 |a GRECIA  |2 CL-VaPUC  |9 415287 
650 7 |a ORIGENES  |2 CL-VaPUC  |9 367418 
650 0 |a Esparta, Antigua Grecia  |9 440092 
650 0 |a Atenas  |9 440093 
650 7 |a INVASIONES  |2 CL-VaPUC  |9 392362 
650 7 |a PUNICOS  |2 CL-VaPUC  |9 440094 
650 7 |a GUERRA DEL PELOPONESO 431-404  |2 CL-VaPUC  |9 440095 
650 7 |a CARTAGO  |2 CL-VaPUC  |9 439360 
650 7 |a PERSAS  |2 CL-VaPUC  |9 318982 
583 |a last modification  |c 20000324 00:00:00  |k Rodrigo Vera 
999 |c 286295  |d 286293 
952 |0 0  |1 0  |4 0  |6 938_000000000000000_BUR_1951  |7 0  |8 A  |9 331829  |a BIBHIS  |b BIBHIS  |d 2019-11-20  |i 1260588  |l 1  |o 938 BUR 1951  |p 1260588  |r 2025-01-20  |s 2022-08-09  |w 2019-11-20  |y BK  |k HIS